Experiences with liberalization policies. <The> case of textiles.

Tendencia rastu reštrikcií v obchode s textilnými výrobkami. Rast vývozu textilných výrobkov z málo rozvinutých do priemyselných krajín. Prekážky v rokovaní o rozšírení alebo eliminácii "Dohody o textile". Vzájomné súvislosti dovozných kvót do ES a liberalizácie obchodu. Otázka úžitkov z liberalizác...

Ausführliche Beschreibung

Gespeichert in:
Bibliographische Detailangaben
1. Verfasser: Spinanger, D.
Format: Buchkapitel
Sprache:Englisch
Schlagworte:
Tags: Tag hinzufügen
Keine Tags, Fügen Sie das erste Tag hinzu!

MARC

LEADER 00000naa a2200000 4500
001 r004643
005 20221130103113.8
041 0 |a eng 
044 |a NL 
245 1 0 |a Experiences with liberalization policies.  |b <The> case of textiles.  |c D. Spinanger 
520 |a Tendencia rastu reštrikcií v obchode s textilnými výrobkami. Rast vývozu textilných výrobkov z málo rozvinutých do priemyselných krajín. Prekážky v rokovaní o rozšírení alebo eliminácii "Dohody o textile". Vzájomné súvislosti dovozných kvót do ES a liberalizácie obchodu. Otázka úžitkov z liberalizácie obchodu textilnými výrobkami. Porovnanie dovozov ES s dovozmi do USA a Japonska. 
610 2 0 |a obchod zahraničný 
610 2 0 |a vývoz 
610 2 0 |a textil 
610 2 0 |a liberalizácia 
610 2 0 |a dovoz 
610 2 0 |a západná Európa 
610 2 0 |a USA 
610 2 0 |a Japonsko 
100 1 |a Spinanger, D.